Príklady zostavenia daňových priznaní

Daňové priznanie k dani z príjmov fyzických osôb. Daňové priznanie k dani z príjmov právnických osôb. Tabuľka pomocných výpočtov. Vzory vyplnených daňových priznaní.

Gespeichert in:
Bibliographische Detailangaben
1. Verfasser: Kontšeková, Zuzana
Format: Buchkapitel
Sprache:Slowakisch
Schlagworte:
Tags: Tag hinzufügen
Keine Tags, Fügen Sie das erste Tag hinzu!

MARC

LEADER 00000naa a2200000 4500
001 r034063
005 20230919085903.5
041 0 |a slo 
044 |a SK 
245 1 0 |a Príklady zostavenia daňových priznaní  |c Zuzana Kontšeková 
520 |a Daňové priznanie k dani z príjmov fyzických osôb. Daňové priznanie k dani z príjmov právnických osôb. Tabuľka pomocných výpočtov. Vzory vyplnených daňových priznaní. 
610 2 0 |a priznania daňové 
610 2 0 |a dane z príjmov 
610 2 0 |a osoby fyzické 
610 2 0 |a osoby právnické 
100 1 |a Kontšeková, Zuzana